Security administration : A quantitative handbook

Bibliographic Details
Main Author: Morneau, Robert H.
Other Authors: Morneau, G. E.
Format: Book
Published: London : Butterworth , c1982
Subjects:

MARC

LEADER 00000cam a2200000 7i4500
001 0000001431
005 20050623.0
020 |a 04099505644 
040 |a INS 
090 0 0 |a HV8081.   |b M67 1982 
100 1 |a Morneau, Robert H. 
245 1 0 |a Security administration :   |b A quantitative handbook   |c Robert H. Morneau and Geofery E. Morneau 
260 |a London :   |b Butterworth ,   |c c1982 
300 |a xip :   |b 256p ;   |c 24 cm. 
650 0 0 |a Police, Private   |x Management 
700 1 |a Morneau, G. E. 
999 |a 0000000373   |b BOOK   |c Open Shelf   |e Default branch